000 00615cam a2200217 4500500
005 20260405002716.0
041 _afre
042 _adc
100 1 0 _aBarton, Adrien
_eauthor
245 0 0 _aL’impossible trinité
260 _c2018.
500 _a59
690 _aAdrien Barton
690 _aIllusion
690 _aJeu
690 _aLionel Penrose
690 _aOptique
690 _aSir Roger Penrose
786 0 _nPhilosophie magazine | 119 | 5 | 2018-05-01 | p. 67-68 | 1951-1787
856 4 1 _uhttps://shs.cairn.info/magazine-philosophie-magazine-2018-5-page-67?lang=fr&redirect-ssocas=7080
999 _c2060329
_d2060329